000 01158cad a2200277 4500
001 L158861
008 100215n2013 000 0 eng u
020 _a9781783210305
035 _a(Sirsi) u158861
041 _aeng
100 1 _aArthur, Collins A.
111 2 _aConstruction and Building Research Conference
_cIIT Delhi, New Delhi
_d10-12 September 2013
245 0 0 _aInstinctive thinking
_bAnalysis of construction risk management systems
_h[electronic resource]
260 _aLondon
_bRICS
_c2013
490 0 _aCOBRA
_v2013
520 _aA paper presented at the COBRA Conference in New Delhi on 10-12 September 2013. Makes an analysis of the existing construction management systems and suggests future research to develop an appropriate format for construction risk data presentation.
650 2 4 _aCONSTRUCTION AND BUILDING RESEARCH CONFERENCE (COBRA)
650 2 4 _aRISK MANAGEMENT
650 2 4 _aRISK IDENTIFICATION
650 2 4 _aRISK ANALYSIS AND MANAGEMENT FOR PROJECTS
651 4 _aUnited Kingdom
_y
690 _aConstruction management
_96230
690 _aHealth and safety
_96244
700 1 _aPryke, Stephen D.
942 _n0
999 _c115550
_d115550